Statistics for Types of Precipitation

Click here to take the quiz!

General Stats

  • This quiz has been taken 13 times
  • The average score is 4 of 5

Answer Stats

Answer% Correct
Rain
100%
Snow
90%
Hail
80%
Sleet
80%
Drizzle
20%

Score Distribution

Percentile by Number Answered

Percent of People with Each Score

Your Score History

You have not taken this quiz